Mapping of crustal magnetic field anomalies on the northern hemisphere of the moon using lunar prospector spacecraft data (Record no. 748685)

MARC details
000 -LEADER
fixed length control field 00365nam a22001097a 4500
100 ## - MAIN ENTRY--AUTHOR NAME
Personal name Nandana H
245 ## - TITLE STATEMENT
Title Mapping of crustal magnetic field anomalies on the northern hemisphere of the moon using lunar prospector spacecraft data
260 ## - PUBLICATION, DISTRIBUTION, ETC. (IMPRINT)
Place of publication Alappuzha:
Name of publisher SD College,
Year of publication 2024
500 ## - GENERAL NOTE
General note <br/><br/>
700 ## - ADDED ENTRY--PERSONAL NAME
Personal name Dr.Sibi K S & Dr.Rakesh Chandran S B
942 ## - ADDED ENTRY ELEMENTS (KOHA)
Source of classification or shelving scheme Dewey Decimal Classification
Koha item type PG Dissertation
Holdings
Withdrawn status Lost status Source of classification or shelving scheme Damaged status Not for loan Collection code Home Library Current Location Shelving location Date acquired Full call number Accession Number Price effective from Koha item type
    Dewey Decimal Classification     Non-fiction Dept. of Physics Dept. of Physics 101 12/05/2025 MSc24 594 PHYMSc594 12/05/2025 PG Dissertation